Strange stories, amazing facts of America's past. (Record no. 1200)

MARC details
000 -LEADER
fixed length control field 00883cam a2200289 a 4500
005 - DATE AND TIME OF LATEST TRANSACTION
control field 20260322212051.0
008 - FIXED-LENGTH DATA ELEMENTS--GENERAL INFORMATION
fixed length control field data
010 ## - LIBRARY OF CONGRESS CONTROL NUMBER
LC control number 88011515
020 ## - INTERNATIONAL STANDARD BOOK NUMBER
International Standard Book Number 0895773074
020 ## - INTERNATIONAL STANDARD BOOK NUMBER
International Standard Book Number 9780895773074
040 ## - CATALOGING SOURCE
Original cataloging agency DLC
Transcribing agency DLC
Modifying agency DLC
043 ## - GEOGRAPHIC AREA CODE
Geographic area code n-us---
050 00 - LIBRARY OF CONGRESS CALL NUMBER
Classification number E178.6
Item number .S896 1989
082 00 - DEWEY DECIMAL CLASSIFICATION NUMBER
Classification number 973
Edition information 19
092 ## - LOCALLY ASSIGNED DEWEY CALL NUMBER (OCLC)
Classification number 973 S896 1989
001 - CONTROL NUMBER
control field data
245 10 - TITLE STATEMENT
Title Strange stories, amazing facts of America's past.
260 ## - PUBLICATION, DISTRIBUTION, ETC.
Place of publication, distribution, etc. Pleasantville, N.Y. :
Name of publisher, distributor, etc. Reader's Digest Association,
Date of publication, distribution, etc. c1989.
300 ## - PHYSICAL DESCRIPTION
Extent 416 p. :
Other physical details ill. (some col.) ;
Dimensions 26 cm.
500 ## - GENERAL NOTE
General note At head of title: Reader's digest.
500 ## - GENERAL NOTE
General note Includes index.
651 #0 - SUBJECT ADDED ENTRY--GEOGRAPHIC NAME
Geographic name United States
General subdivision Anecdotes.
-- Anecdotes.
730 0# - ADDED ENTRY--UNIFORM TITLE
Uniform title Reader's digest.
906 ## - LOCAL DATA ELEMENT F, LDF (RLIN)
a 7
b cbc
c orignew
d 1
e ocip
f 19
g y-gencatlg
925 0# -
-- Acquire
-- 2 shelf copies
-- policy default
955 ## - COPY-LEVEL INFORMATION (RLIN)
-- sf10 2004-03-23 (rev sf02)
-- sf10 2004-03-23
Holdings
Withdrawn status Lost status Damaged status Not for loan Home library Current library Shelving location Date acquired Total checkouts Full call number Barcode Date last seen Price effective from Koha item type
        Centerville Centerville General stacks 22/03/2026   973 19 BC0011239 22/03/2026 22/03/2026 Books